Bilecik Bilecik Bilecik Bilecik Bilecik

Hititçe-Türkçe, Türkçe-Hititçe büyük sözlük : | listeleriyle birlikte/ (Record no. 62773)

MARC details
000 -BAŞLIK
Sabit Uzunluktaki Kontrol Alanı 01148nam a22003257a 4500
001 - KONTROL NUMARASI
Control Dosyası 0062977
003 - KONTROL NUMARASI KİMLİĞİ
Kontrol Alanı KOHA_MİRAKIL
005 - EN SON İŞLEM TARİHİ ve ZAMANI
Kontrol Alanı 20260207004427.0
007 - FİZİKSEL TANIM SABİT ALAN - GENEL BİLGİ
Sabit uzunluklu kontrol alanı
008 - SABİT UZUNLUKTAKİ VERİ ÖGELERİ - GENEL BİLGİ
Sabit Alan 181106b2016 tu |||grd|||#0|||1|tur |
020 ## - ISBN - ULUSLARARASI STANDART KİTAP NUMARASI
Isbn 9786059636032
Kullanılabilirlik koşulları xxxxx
040 ## - KATALOGLAMA KAYNAĞI
Özgün Kataloglama Kurumu TR-BiSEU
Kataloglama Dili tur
Çeviri Kurumu TR-BiSEU
Açıklama Kuralları rda
041 0# - DİL KODU
Metin ya da ses kaydının dil kodu tur
044 ## - YAYINLAYAN/ÜRETEN KURULUŞUN ÜLKE KODU
ISO country code tu
050 ## - SINIFLAMA ve YER NUMARASI
Sınıflama Numarası P945
Yer Numarası .U53 2016
100 1# - KİŞİ ADI
Yazar Adı (Kişi adı) Ünal, Ahmet.
245 1# - ESER ADI BİLDİRİMİ
Başlık Hititçe-Türkçe, Türkçe-Hititçe büyük sözlük :
Alt Eseradı vb. Hattice, Hurrice, hiyeroglif Luvicesi, çivi yazısı Luvicesi ve Palaca sözlük
245 1# - ESER ADI BİLDİRİMİ
Başlık listeleriyle birlikte/
Sorumluluk Bildirimi Ahmet Ünal ; Ahmet Ünal; yayınlayan Şükrü Devrez.
264 #1 - ÜRERİM, YAYIN, DAĞITIM ve TELİF BİLDİRİMİ
Yayın yeri Ankara :
Yayınlayan Bilgin Kültür Sanat Yayınları
Yayın tarihi 2016
300 ## - FİZİKSEL TANIMLAMA
Sayfa, Cilt vb. 1003 sayfa; 24 cm.
336 ## - İÇERİK TÜRÜ
Content type term metin
Content type code txt
Source rdacontent
337 ## - MEDYA TÜRÜ
Media type term aracısız
Media type code n
Source rdamedia
338 ## - TAŞIYICI TÜRÜ
Carrier type term cilt
Carrier type code nc
Source rdacarrier
650 #0 - KONU BAŞLIĞI EK GİRİŞ - KONU TERİMİ
Konusal terim veya coğrafi ad Hitit dili--Sözlükler--Almanca.
9 (RLIN) 116862
650 #0 - KONU BAŞLIĞI EK GİRİŞ - KONU TERİMİ
Konusal terim veya coğrafi ad Hittite language--Dictionaries--German.
9 (RLIN) 116863
650 #0 - KONU BAŞLIĞI EK GİRİŞ - KONU TERİMİ
Konusal terim veya coğrafi ad Türk dili--Sözlükler--Hitit.
9 (RLIN) 116864
650 #0 - KONU BAŞLIĞI EK GİRİŞ - KONU TERİMİ
Konusal terim veya coğrafi ad Turkish language--Dictionaries--Hittite.
9 (RLIN) 116865
907 ## - LOCAL DATA ELEMENT G, LDG (RLIN)
a Sözlük
942 ## - EK GİRİŞ ÖGELERİ (KOHA)
Source of classification or shelving scheme Library of Congress Classification
Koha item type Book
Holdings
Materyal Türü Kalıcı Konum Mevcut Konum Raf Yeri Koleksiyon Kodu Sınıflandırma Kaynağı Edinim Bilgisi Ana Konular Alt Konular Yer Numarası Demirbaş Numarası Fatura Tarihi Geri Çekilme Durumu Kayıp Durumu Hasarlı Durumu Kredi için değil Kayıt Tarih Toplam Ödünçverme Son Görülme Tarihi Son Kontrol Tarihi
Danışma Kaynakları Prof. Dr. Azmi Özcan Kütüphanesi Prof. Dr. Azmi Özcan Kütüphanesi Birûni Salonu Referans Library of Congress Classification Satın DİL VE EDEBİYAT Filoloji, Dilbilim P945 .U53 2016 0062977 02/02/2026       Ödünç verilmez 06/11/2018   05/12/2024 05/12/2024